<?xml version="1.0" encoding="UTF-8"?>
<collection xmlns="http://www.loc.gov/MARC21/slim">
 <record>
  <leader>00471nam a22001575a 4500</leader>
  <controlfield tag="001">EUN.um040793</controlfield>
  <controlfield tag="003">AR-BaUNS</controlfield>
  <controlfield tag="005">20050623122912.0</controlfield>
  <controlfield tag="008">041125s1986####xx#a##########000#0#spa#d</controlfield>
  <datafield tag="245" ind1="0" ind2="0">
   <subfield code="a">PANORAMA de las artes plásticas checas.</subfield>
  </datafield>
  <datafield tag="260" ind1=" " ind2=" ">
   <subfield code="a">Praga :</subfield>
   <subfield code="b">Panorama,</subfield>
   <subfield code="c">1986.</subfield>
  </datafield>
  <datafield tag="300" ind1=" " ind2=" ">
   <subfield code="a">160 p. :</subfield>
   <subfield code="b">ilus. ;</subfield>
   <subfield code="c">23,5 cm. .</subfield>
  </datafield>
  <datafield tag="490" ind1="0" ind2=" ">
   <subfield code="a">Publicación, 4472</subfield>
  </datafield>
  <datafield tag="082" ind1="0" ind2="4">
   <subfield code="a">730</subfield>
  </datafield>
  <datafield tag="653" ind1=" " ind2=" ">
   <subfield code="a">Artes plasticas checas</subfield>
  </datafield>
  <datafield tag="859" ind1=" " ind2=" ">
   <subfield code="a">Ar-BaUNS</subfield>
   <subfield code="b">BIB. CENTRAL - Sector B</subfield>
   <subfield code="h">730</subfield>
   <subfield code="i">P195</subfield>
   <subfield code="p">96521/988</subfield>
   <subfield code="v">1986</subfield>
  </datafield>
 </record>
</collection>
